| 000 | 00429nam a22001697a 4500 | ||
|---|---|---|---|
| 005 | 20251017165916.0 | ||
| 008 | 251017b |||||||| |||| 00| 0 eng d | ||
| 020 | _a9788120841581 | ||
| 040 | _cILCL | ||
| 041 |
_2eng _aeng |
||
| 084 | _aQ2:4 Q7 | ||
| 100 |
_aJha, Ushakar _9848760 |
||
| 245 | _aDharma Laws and Law Seers of India | ||
| 260 |
_aDelhi _bMotilal Banarasidass _c2017 |
||
| 300 | _axvi,282p. | ||
| 942 |
_2CC _cTB |
||
| 999 |
_c1464854 _d1464854 |
||